000 00474nam a2200157Ia 4500
999 _c55562
_d55562
003 GCL
005 20240530105405.0
008 140319s9999 xx 000 0 ara d
040 _aGCL /
_cGCL
082 0 4 _a301
_bع ا
100 0 _aعادل مختار الهوارى
245 1 0 _aاسس علم الاجتماع /
_cعادل مختار الهوارى
260 _a[S.N] :
_bمكتبة نهضة الشرق ،
_c1983
300 _a301 ص. ؛
_c24 سم.
942 _2ddc
_cBK